Regionální vývoj v České republice po roce 1990: reformace či deformace?
Pojmové vymedzenie kategórií regionálny rast a regionálny rozvoj. Chronológia koncepcií regionálneho rozvoja. Liberálna paradigma regionálneho rozvoja. Regionálna politika inšpirovaná neoklasickými a neoliberálnými prístupmi. Keynesovská paradigma regionálneho rozvoja. Marxisticko-socialistická para...
Enregistré dans:
| Auteur principal: | |
|---|---|
| Format: | Chapitre de livre |
| Langue: | tchèque |
| Sujets: | |
| Tags: |
Pas de tags, Soyez le premier à ajouter un tag!
|
MARC
| LEADER | 00000naa$a2200000$$$4500 | ||
|---|---|---|---|
| 001 | 0038784 | ||
| 005 | 20231107103418.1 | ||
| 041 | 0 | |a cze | |
| 044 | |a CZ | ||
| 245 | 1 | 0 | |a Regionální vývoj v České republice po roce 1990: reformace či deformace? |c Jan Sucháček |
| 520 | |a Pojmové vymedzenie kategórií regionálny rast a regionálny rozvoj. Chronológia koncepcií regionálneho rozvoja. Liberálna paradigma regionálneho rozvoja. Regionálna politika inšpirovaná neoklasickými a neoliberálnými prístupmi. Keynesovská paradigma regionálneho rozvoja. Marxisticko-socialistická paradigma. Moderná paradigma - neoendogenný regionálny rozvoj. Nesúlad systémových makroštruktúr a regionálno-rozvojovej paradigmy v Českej republike. Tranzitívne ekonomiky vo svetle koncepcií regionálneho rozvoja. | ||
| 610 | 2 | 0 | |a rozvoj regionálny |
| 610 | 2 | 0 | |a makroštruktúra |
| 610 | 2 | 0 | |a Česko |
| 610 | 2 | 0 | |a krajiny tranzitívne |
| 610 | 2 | 0 | |a pojmy |
| 610 | 2 | 0 | |a politika regionálna |
| 610 | 2 | 0 | |a koncepcie |
| 100 | 1 | |a Sucháček, Jan | |